Beliefs | 3 | 2 | 0 | 0 | 65 | 12 | 79.00 | 4 | 4 |
History - American History | 1 | 4 | 0 | 0 | 55 | 52 | 84.20 | 2 | 5 |
Science - Physics | 1 | 2 | 0 | 0 | 35 | 70 | 75.00 | 0 | 3 |
History - World History | 0 | 3 | 0 | 1 | 30 | 83 | 101.00 | 0 | 2 |
Science - Biology | 0 | 2 | 0 | 0 | 20 | 118 | 124.50 | 0 | 0 |
Other Arts: Visual | 0 | 1 | 0 | 1 | 10 | 114 | 114.00 | 0 | 0 |
Philosophy | 0 | 1 | 0 | 1 | 10 | 126 | 126.00 | 0 | 0 |
Ancient History and Archaeology | 0 | 1 | 0 | 0 | 10 | 102 | 102.00 | 0 | 1 |
Chemistry> | 0 | 1 | 0 | 0 | 10 | 90 | 90.00 | 0 | 1 |
Geography | 0 | 1 | 0 | 0 | 10 | 134 | 134.00 | 0 | 0 |
Literature - British Literature | 0 | 1 | 0 | 0 | 10 | 133 | 133.00 | 0 | 0 |
Other Academic | 0 | 1 | 0 | 0 | 10 | 89 | 89.00 | 0 | 1 |
Science - Chemistry | 0 | 1 | 0 | 0 | 10 | 115 | 115.00 | 0 | 0 |
Fine Arts - Visual Fine Arts | 0 | 1 | 1 | 0 | 5 | 145 | 145.00 | 1 | 1 |
Social Science | 0 | 0 | 0 | 0 | 0 | | 0.00 | 0 | 0 |
Other Science: Computer Science | 0 | 0 | 1 | 0 | -5 | | 0.00 | 0 | 0 |